000 00744nam a2200241Ia 4500
003 OSt
005 20220918105546.0
006 a|||||r|||| 00| 0
007 ta
008 220915b |||||||| |||| 00| 0 eng d
024 _a269959
037 _cReference Collections
040 _aARTS
_cARTS
_beng
041 _2eng
_aeng
082 _aa12-315,12,N7, K2(RR)
100 _aMahapatra Kedarnath
_92231
245 0 _aDecriptive catalogue of sanskrit manuscripts of Orissa
260 _aBhubaneswar
_bSuperintendent of Research & Museum Goverment of
_c1958
300 _a141p.
650 _aBIBLIOGRAPHY
942 _ha12-315,12,N7, K2(RR)
_cREF
999 _c108098
_d108098